<?xml version="1.0" encoding="UTF-8"?>
<record
    xmlns:xsi="http://www.w3.org/2001/XMLSchema-instance"
    xsi:schemaLocation="http://www.loc.gov/MARC21/slim http://www.loc.gov/standards/marcxml/schema/MARC21slim.xsd"
    xmlns="http://www.loc.gov/MARC21/slim">

  <leader>01032nam a22002297a 4500</leader>
  <controlfield tag="001">86454</controlfield>
  <controlfield tag="003">BD-RjUL</controlfield>
  <controlfield tag="005">20260510112259.0</controlfield>
  <controlfield tag="008">260510s1989    pk ||||| |||| 00| 0 urd d</controlfield>
  <datafield tag="035" ind1=" " ind2=" ">
    <subfield code="a">(BD-RjUL)86454</subfield>
  </datafield>
  <datafield tag="040" ind1=" " ind2=" ">
    <subfield code="a">BD-RjUL</subfield>
    <subfield code="b">eng</subfield>
    <subfield code="c">BD-RjUL</subfield>
  </datafield>
  <datafield tag="041" ind1=" " ind2=" ">
    <subfield code="a">urd</subfield>
  </datafield>
  <datafield tag="082" ind1=" " ind2=" ">
    <subfield code="2">23</subfield>
    <subfield code="a">954.02092</subfield>
    <subfield code="b">SYK 1989</subfield>
  </datafield>
  <datafield tag="100" ind1=" " ind2=" ">
    <subfield code="a">&#x633;&#x64A;&#x62F; &#x627;&#x644;&#x627;&#x647;&#x644;&#x60C; &#x639;&#x628;&#x62F; &#x627;&#x644;&#x639;&#x632;&#x64A;&#x632; ;; Syed Al Ahle, Abdul Aziz</subfield>
    <subfield code="9">18417</subfield>
  </datafield>
  <datafield tag="245" ind1=" " ind2=" ">
    <subfield code="a">&#x62E;&#x644;&#x649;&#x641;&#x6C3; &#x627;&#x644;&#x632;&#x627;&#x647;&#x62F; : &#x62D;&#x636;&#x631;&#x62A; &#x639;&#x645;&#x631; &#x628;&#x646; &#x639;&#x628;&#x62F;&#x627;&#x644;&#x639;&#x632;&#x649;&#x632;  / K&#x332;h&#x332;al&#x12B;fatulz&#x101;hid : &#x1E24;a&#x1E93;rat &#x2BB;Umar ibn &#x2BB;Abdul&#x2BB;az&#x12B;z /</subfield>
    <subfield code="c">&#x645;&#x635;&#x646;&#x651;&#x641;&#x60C; &#x639;&#x628;&#x62F;&#x627;&#x644;&#x639;&#x632;&#x649;&#x632; &#x633;&#x649;&#x651;&#x62F;&#x627;&#x644;&#x627;&#x647;&#x644;&#x61B; &#x62A;&#x631;&#x62C;&#x645;&#x6C1;&#x60C; &#x645;&#x648;&#x644;&#x627;&#x646;&#x627; &#x631;&#x627;&#x63A;&#x628; &#x631;&#x62D;&#x645;&#x627;&#x646;&#x649;,  (/ mu&#x1E63;annif, &#x2BB;Abdul&#x2BB;az&#x12B;z Sayyidulahl; tarjumah, Maul&#x101;n&#x101; R&#x101;g&#x332;h&#x332;ib Ra&#x1E25;m&#x101;n&#x12B;,</subfield>
  </datafield>
  <datafield tag="264" ind1=" " ind2=" ">
    <subfield code="a"> Kar&#x101;ch&#x12B;:</subfield>
    <subfield code="b">&#x646;&#x641;&#x6CC;&#x633; &#x627;&#x6A9;&#x6CC;&#x688;&#x6CC;&#x645;&#x649; &#x60C;,  / Naf&#x12B;s Ake&#x1E0D;em&#x12B;,</subfield>
    <subfield code="c">1989</subfield>
  </datafield>
  <datafield tag="300" ind1=" " ind2=" ">
    <subfield code="a">400 p. ;; </subfield>
    <subfield code="c">23 cm</subfield>
  </datafield>
  <datafield tag="600" ind1=" " ind2=" ">
    <subfield code="a">&#x1E24;a&#x1E93;rat &#x2BB;Umar ibn &#x2BB;Abdul&#x2BB;az&#x12B;z</subfield>
    <subfield code="9">18419</subfield>
  </datafield>
  <datafield tag="650" ind1=" " ind2=" ">
    <subfield code="a">Biography</subfield>
  </datafield>
  <datafield tag="700" ind1=" " ind2=" ">
    <subfield code="a">&#x631;&#x62D;&#x645;&#x627;&#x646;&#x649;&#x60C; &#x631;&#x627;&#x63A;&#x628;&#x60C; ;; Rahmani, Raghib</subfield>
    <subfield code="9">18418</subfield>
  </datafield>
  <datafield tag="942" ind1=" " ind2=" ">
    <subfield code="2">ddc</subfield>
    <subfield code="c">BK</subfield>
  </datafield>
  <datafield tag="999" ind1=" " ind2=" ">
    <subfield code="c">86454</subfield>
    <subfield code="d">86454</subfield>
  </datafield>
  <datafield tag="952" ind1=" " ind2=" ">
    <subfield code="0">0</subfield>
    <subfield code="1">0</subfield>
    <subfield code="2">ddc</subfield>
    <subfield code="4">0</subfield>
    <subfield code="7">1</subfield>
    <subfield code="8">NFIC</subfield>
    <subfield code="a">RUCL</subfield>
    <subfield code="b">RUCL</subfield>
    <subfield code="c">Reading</subfield>
    <subfield code="d">2026-05-10</subfield>
    <subfield code="l">0</subfield>
    <subfield code="o">U 954.02092 SYK 1989</subfield>
    <subfield code="r">2026-05-10 11:15:00</subfield>
    <subfield code="t">C-1</subfield>
    <subfield code="w">2026-05-10</subfield>
    <subfield code="y">BK</subfield>
  </datafield>
</record>
